| 000 | 00728nam a2200205Ia 4500 | ||
|---|---|---|---|
| 003 | GCL | ||
| 008 | 140319s9999 xx 000 0 ara d | ||
| 040 |
_aGCL / _cGCL |
||
| 082 | 0 | 4 |
_a248.2 _bث ك |
| 100 | 1 | _aالثمينى, ضياء الدين عبدالعزيز | |
| 245 | 1 | 0 |
_aكتاب النيل وشفاء العليل: شرح كتاب النيل وشفاء العليل / _cالثمينى, ضياء الدين عبدالعزيز |
| 700 | 1 | _aمحمد بن يوسف اطفيش | |
| 300 | _aمتعدد | ||
| 490 | _a | ||
| 650 | 0 | 4 | _aالمعاملات |
| 650 | 0 | 4 | _aفقه الاباضية |
| 650 | 0 | 4 | _aالفقه الاسلامى، اصول |
| 650 | 0 | 4 | _aالفقه الاسلامى - مذاهب |
| 942 |
_2ddc _cBK |
||
| 999 |
_c38802 _d38802 |
||